[Event "POL-ch U12 Girls"]
[Site "Uniejow"]
[Date "2021.07.23"]
[Round "7"]
[White "Gorska, Amelia"]
[Black "Pajer, Irena"]
[Result "1-0"]
[WhiteElo "1166"]
[BlackElo "1065"]
[PlyCount "57"]
[EventDate "2021.07.18"]
[EventType "swiss"]
[EventRounds "9"]
[EventCountry "POL"]
[SourceTitle "EXT 2022"]
[Source "ChessBase"]
[SourceDate "2021.10.06"]
[SourceVersion "1"]
[SourceVersionDate "2021.10.06"]
[SourceQuality "1"]

1. e4 c5 2. Nf3 e6 3. d4 cxd4 4. Nxd4 Nf6 5. Nc3 d6 6. g3 a6 7. Bg2 Qc7 8. 0-0 Nbd7 9. f4 Be7 10. Be3 0-0 11. Qe2 Nc5 12. Rad1 Rb8 13. f5 b5 14. a3 Bb7 15. Bc1 Rbd8 16. g4 Nfd7 17. b4 Nb3 18. cxb3 Qxc3 19. Bb2 Qc8 20. fxe6 Nf6 21. g5 Ne8 22. exf7+ Rxf7 23. Rxf7 Kxf7 24. Qh5+ Kg8 25. Bh3 Qb8 26. Bf5 g6 27. Be6+ Kh8 28. Qh6 Bf8 29. Qxf8# 1-0

[Event "POL-ch U12 Girls"]
[Site "Uniejow"]
[Date "2021.07.22"]
[Round "6"]
[White "Pawlikowska, Ewa"]
[Black "Pajer, Irena"]
[Result "1-0"]
[WhiteElo "1167"]
[BlackElo "1065"]
[PlyCount "175"]
[EventDate "2021.07.18"]
[EventType "swiss"]
[EventRounds "9"]
[EventCountry "POL"]
[SourceTitle "EXT 2022"]
[Source "ChessBase"]
[SourceDate "2021.10.06"]
[SourceVersion "1"]
[SourceVersionDate "2021.10.06"]
[SourceQuality "1"]

1. e4 c5 2. Nf3 e6 3. d4 cxd4 4. Nxd4 a6 5. Bd3 Nf6 6. 0-0 Be7 7. c4 Qc7 8. Re1 d6 9. Nc3 b6 10. Kh1 Bb7 11. Qe2 Nbd7 12. f4 Nc5 13. Bc2 0-0 14. Qf2 Rad8 15. Qg3 d5 16. e5 Nfe4 17. Nxe4 Nxe4 18. Bxe4 dxe4 19. f5 Rfe8 20. f6 Bxf6 21. Nxe6 Rxe6 22. exf6 Qxg3 23. hxg3 Rxf6 24. Bg5 Rd3 25. Bxf6 gxf6 26. Kh2 Rd2 27. b3 e3 28. Rxe3 Bxg2 29. Kg1 Bh3 30. a3 Rg2+ 31. Kh1 Rd2 32. Rg1 Bd7 33. Rge1 Bc6+ 34. Kg1 Rg2+ 35. Kf1 Rh2 36. R3e2 Rh1+ 37. Kf2 Rh2+ 38. Ke3 Rh5 39. Rf2 Kg7 40. Ref1 Re5+ 41. Kd2 Re6 42. Rf4 Be4 43. R1f2 Rd6+ 44. Ke1 Bg6 45. b4 Re6+ 46. Re2 Rc6 47. Rd4 Bh5 48. g4 Bg6 49. Re3 Rc7 50. Rc3 f5 51. gxf5 Bxf5 52. c5 bxc5 53. bxc5 h5 54. c6 Kg6 55. Rb4 Bc8 56. Kf2 f5 57. Kg3 Kg5 58. Rd4 a5 59. Ra4 Be6 60. Rxa5 h4+ 61. Kh3 Bc8 62. Rac5 Kf4 63. R3c4+ Kg5 64. Rxh4 Kg6 65. Rb4 Rh7+ 66. Kg2 Rc7 67. a4 Ba6 68. Rb6 Bc8 69. a5 Kg5 70. a6 Kg4 71. Rb7 Bxb7 72. axb7 Re7 73. Rc4+ f4 74. Rxf4+ Kxf4 75. b8Q+ Re5 76. Qb4+ Re4 77. Qxe4+ Kxe4 78. c7 Kd3 79. c8Q Kd4 80. Qe6 Kd3 81. Kf3 Kd4 82. Qd6+ Kc4 83. Ke4 Kc3 84. Qd4+ Kb3 85. Kd3 Ka2 86. Qb6 Ka3 87. Kc3 Ka2 88. Qb2# 1-0

[Event "POL-ch U12 Girls"]
[Site "Uniejow"]
[Date "2021.07.21"]
[Round "4"]
[White "Nurkiewicz, Anna"]
[Black "Pajer, Irena"]
[Result "1/2-1/2"]
[WhiteElo "1201"]
[BlackElo "1065"]
[PlyCount "73"]
[EventDate "2021.07.18"]
[EventType "swiss"]
[EventRounds "9"]
[EventCountry "POL"]
[SourceTitle "EXT 2022"]
[Source "ChessBase"]
[SourceDate "2021.10.06"]
[SourceVersion "1"]
[SourceVersionDate "2021.10.06"]
[SourceQuality "1"]

1. d4 d5 2. Nf3 e6 3. c4 c6 4. e3 Nf6 5. Nc3 Bd6 6. Bd3 Nbd7 7. 0-0 0-0 8. Qc2 Qe7 9. cxd5 exd5 10. a3 Re8 11. b4 Ne4 12. Nd2 Ndf6 13. Ncxe4 dxe4 14. Bc4 Ng4 15. g3 Kh8 16. Re1 f5 17. h3 Nh6 18. Bf1 Qg5 19. Bb2 Nf7 20. Bg2 Qg6 21. Nc4 Bc7 22. Ne5 Nxe5 23. dxe5 Bxe5 24. Bxe5 Rxe5 25. Qc3 Rd5 26. Red1 Qd6 27. Rd4 Be6 28. Rad1 Rd8 29. R1d2 h6 30. g4 Qe7 31. gxf5 Bxf5 32. Rxd5 cxd5 33. Qc5 Qxc5 34. bxc5 Be6 35. Bxe4 Bxh3 36. Rxd5 Rxd5 37. Bxd5 1/2-1/2